Ekolabeling ako potenciálny nástroj zvyšovania konkurencieschopnosti a predajnosti výrobku diplomová práca

Enregistré dans:
Détails bibliographiques
Auteur principal: Pavlovičová, Beata
Collectivité auteur: Fakulta podnikového manažmentu EU. Katedra manažmentu výroby a logistiky - zrušená
Autres auteurs: Marečková, Zuzana
Format: Livre
Langue:slovaque
Publié: Bratislava 2015
Tags: Ajouter un tag
Pas de tags, Soyez le premier à ajouter un tag!

MARC

LEADER 00000nbm a2200000 4500
001 0201354
005 20161212102726.3
041 0 |a slo 
044 |a SK 
245 1 0 |a Ekolabeling ako potenciálny nástroj zvyšovania konkurencieschopnosti a predajnosti výrobku  |b diplomová práca  |c Beata Pavlovičová ; školiteľ: Zuzana Marečková 
264 1 |a Bratislava  |c 2015 
300 |a 70 s. 
100 1 |a Pavlovičová, Beata 
700 1 |a Marečková, Zuzana 
710 2 |a Fakulta podnikového manažmentu EU. Katedra manažmentu výroby a logistiky - zrušená